Traite elementaire de chimie (Record no. 64210)
[ view plain ]
| 000 -LEADER | |
|---|---|
| fixed length control field | 00359nam a22001217a 4500 |
| 008 - FIXED-LENGTH DATA ELEMENTS--GENERAL INFORMATION | |
| fixed length control field | 240711b |||||||| |||| 00| 0 eng d |
| 040 ## - CATALOGING SOURCE | |
| Original cataloging agency | National Science Library |
| Transcribing agency | National Science Library |
| 080 ## - UNIVERSAL DECIMAL CLASSIFICATION NUMBER | |
| Universal Decimal Classification number | D 54(091) |
| Item number | K5.2 |
| 245 ## - TITLE STATEMENT | |
| Title | Traite elementaire de chimie |
| 260 ## - PUBLICATION, DISTRIBUTION, ETC. | |
| Place of publication, distribution, etc. | Bruxelles: |
| Name of publisher, distributor, etc. | Culture Et Civilisation, |
| Date of publication, distribution, etc. | 1965 |
| 300 ## - PHYSICAL DESCRIPTION | |
| Extent | 653p. |
| 942 ## - ADDED ENTRY ELEMENTS (KOHA) | |
| Source of classification or shelving scheme | Universal Decimal Classification |
| Koha item type | Books |
| Withdrawn status | Lost status | Source of classification or shelving scheme | Damaged status | Not for loan | Home library | Current library | Shelving location | Date acquired | Total Checkouts | Full call number | Barcode | Date last seen | Price effective from | Koha item type |
|---|---|---|---|---|---|---|---|---|---|---|---|---|---|---|
| Universal Decimal Classification | National Science Library | National Science Library | GF/Rk-3/C-6/R-4 | 13/12/1966 | D 54(091) K5.2 | 19267 | 11/07/2024 | 13/12/1966 | Books | |||||
| Universal Decimal Classification | National Science Library | National Science Library | SF/Rk-B3/C-2/R-5 | 13/12/1966 | D 54(091) K5.1 | 19266 | 30/08/2024 | 13/12/1966 | Books |